000 00278nam a2200121 i 4500
001 bg
245 0 _aVycilietel'naja matematika i programmirowanije.
260 _aTbilisi,
_c1985.
040 _cBPK
041 _apol
942 _cKS
008 s pl f |000 0 pol
999 _c28436
_d28436